The new law and economic development : a critical appraisal (Record no. 2422)
[ view plain ]
| 000 -LEADER | |
|---|---|
| fixed length control field | 01883nac a22002891u 4500 |
| 010 ## - LIBRARY OF CONGRESS CONTROL NUMBER | |
| LC control number | 2006005046 |
| 020 ## - INTERNATIONAL STANDARD BOOK NUMBER | |
| International Standard Book Number | 0521860210 (hardback : alk. paper) |
| 020 ## - INTERNATIONAL STANDARD BOOK NUMBER | |
| International Standard Book Number | 0521677572 (pbk. : alk. paper) |
| 082 00 - DEWEY DECIMAL CLASSIFICATION NUMBER | |
| Classification number | 340.11 |
| Item number | T761 |
| 090 ## - LOCALLY ASSIGNED LC-TYPE CALL NUMBER (OCLC); LOCAL CALL NUMBER (OCLC) | |
| -- | 2422 |
| -- | 2422 |
| 100 ## - MAIN ENTRY--PERSONAL NAME | |
| Personal name | 20080729 |
| 245 14 - TITLE STATEMENT | |
| Title | The new law and economic development : a critical appraisal |
| Remainder of title | a critical appraisal / |
| Statement of responsibility, etc | David M. Trubek, Alvaro Santos. |
| 260 ## - PUBLICATION, DISTRIBUTION, ETC. (IMPRINT) | |
| Place of publication, distribution, etc | Cambridge ; |
| -- | New York : |
| Name of publisher, distributor, etc | Cambridge University Press,2006 |
| Date of publication, distribution, etc | 2006. |
| 300 ## - PHYSICAL DESCRIPTION | |
| Extent | vii, 309 p. ; |
| Dimensions | 24 cm. |
| 504 ## - BIBLIOGRAPHY, ETC. NOTE | |
| Bibliography, etc | Includes index. |
| 505 0# - FORMATTED CONTENTS NOTE | |
| Formatted contents note | An introduction : the third moment in law and development theory and the emergence of a new critical practice / David M. Trubek & Alvaro Santos -- Three globalizations of law and legal thought : 1850-2000 / Duncan Kennedy -- The "rule of law" in development assistance : past, present, and future / David M. Trubek -- The "rule of law," political choices, and development common sense / David Kennedy -- The dialectics of law and development / Scott Newton -- The future of law and development : second-generation reforms and the incorporation of the social / Kerry Rittich -- The World Bank's uses of the "rule of law" promise in economic development / Alvaro Santos. |
| 650 #0 - SUBJECT ADDED ENTRY--TOPICAL TERM | |
| Topical term or geographic name as entry element | Law and economic development. |
| 650 #0 - SUBJECT ADDED ENTRY--TOPICAL TERM | |
| Topical term or geographic name as entry element | Rule of law. |
| 650 #0 - SUBJECT ADDED ENTRY--TOPICAL TERM | |
| Topical term or geographic name as entry element | Economic assistance. |
| 650 #0 - SUBJECT ADDED ENTRY--TOPICAL TERM | |
| Topical term or geographic name as entry element | International economic relations. |
| 700 1# - ADDED ENTRY--PERSONAL NAME | |
| Personal name | Santos, Alvaro, |
| Dates associated with a name | 1975- |
| 700 1# - ADDED ENTRY--PERSONAL NAME | |
| Personal name | Trubek, David M., |
| Dates associated with a name | 1935- |
| 856 41 - ELECTRONIC LOCATION AND ACCESS | |
| Materials specified | Table of contents only |
| Uniform Resource Identifier | <a href="http://www.loc.gov/catdir/toc/ecip068/2006005046.html">http://www.loc.gov/catdir/toc/ecip068/2006005046.html</a> |
| 856 41 - ELECTRONIC LOCATION AND ACCESS | |
| Materials specified | Publisher description |
| Uniform Resource Identifier | <a href="http://www.loc.gov/catdir/enhancements/fy0642/2006005046-d.html">http://www.loc.gov/catdir/enhancements/fy0642/2006005046-d.html</a> |
| 942 ## - ADDED ENTRY ELEMENTS (KOHA) | |
| Item type | Book - Borrowing |
| Call number prefix | 340.11T761 |
| Withdrawn status | Item status | Damaged status | Not for loan | Home library | Current library | Shelving location | Date acquired | Source of acquisition | Total Checkouts | Total Renewals | Full call number | Barcode | Date last seen | Date last borrowed | Koha item type |
|---|---|---|---|---|---|---|---|---|---|---|---|---|---|---|---|
| Central Library | Central Library | First floor | 11/04/2007 | Purchase | 4 | 10 | 340.11 NEW | 000001751 | 15/07/2025 | 09/10/2022 | Book - Borrowing |